Résultats de la finale du Championnat d'Europe de football - Statistiques

Statistiques générales
  • Ce quiz a été pris 49 fois
    18 depuis la dernière actualisation
  • Le résultat moyen est 3 sur 17
Statistiques - réponses
Hint Réponse % Correct
2020 : Italie - Angleterre 1-1 (a.p.) (3-2 Tirs au but)
60%
2016 : Portugal - France 1-0 (a.p.)
50%
1964 : Espagne - Union soviétique 2-1
40%
2024: Espagne - Angleterre 2-1
40%
2000 : France - Italie 2-1 (a.p.)
40%
1960 : Union soviétique - Yougoslavie 2-1 (a.p.)
30%
2012 : Espagne - Italie 4-0
20%
2004 : Grèce - Portugal 1-0
10%
2008 : Espagne - Allemagne 1-0
10%
1968 : Italie - Yougoslavie 2-0
10%
1984 : France - Espagne 2-0
10%
1980 : Allemagne de l'Ouest - Belgique 2-1
10%
1976 : Tchécoslovaquie - Allemagne de l'Ouest 2-2 (a.p.) (5-3 Tirs au but)
10%
1988 : Pays-Bas - Union soviétique 2-0
0%
1992 : Danemark - Allemagne 2-0
0%
1996 : Allemagne - République tchèque 2-1 (a.p.)
0%
1972 : Allemagne de l'Ouest - Union soviétique 3-0
0%
Aucun quiz correspondant
Distribution des résultats
% des personnes avec chaque résultat
Percentile par nombre de réponses
Votre historique - résultats
Vous n’avez pas pris ce quiz depuis la dernière actualisation